<?xml version="1.0" encoding="UTF-8"?>
<marc:record xmlns:marc="http://www.loc.gov/MARC21/slim">
   <marc:leader>00000nam a2200000 a 4500</marc:leader>
   <marc:datafield ind1="1" ind2=" " tag="100">
      <marc:subfield code="a">Noffke, Brunhilde</marc:subfield>
      <marc:subfield code="4">aut</marc:subfield>
      <marc:subfield code="e">Verfasser/-in</marc:subfield>
   </marc:datafield>
   <marc:datafield ind1=" " ind2=" " tag="653">
      <marc:subfield code="a">Märchen</marc:subfield>
   </marc:datafield>
   <marc:datafield ind1=" " ind2=" " tag="653">
      <marc:subfield code="a">winter</marc:subfield>
   </marc:datafield>
   <marc:datafield ind1=" " ind2=" " tag="653">
      <marc:subfield code="a">Weihnachten</marc:subfield>
   </marc:datafield>
   <marc:datafield ind1="0" ind2="0" tag="245">
      <marc:subfield code="a">Märchen für Winter und Weihnacht</marc:subfield>
   </marc:datafield>
   <marc:datafield ind1="0" ind2="0" tag="245">
      <marc:subfield code="b">zum Erzählen und Vorlesen</marc:subfield>
   </marc:datafield>
   <marc:datafield ind1=" " ind2="1" tag="264">
      <marc:subfield code="b">königsfurt  </marc:subfield>
      <marc:subfield code="c">2007</marc:subfield>
   </marc:datafield>
   <marc:datafield ind1="1" ind2=" " tag="520">
      <marc:subfield code="a">Eine Sammlung alter , aber auch neuerer Märchen von und für Winter und Weihnacht. Sie handeln von Wünschen und Geschenken zum Fest, von der kargen und kalten Jahreszeit und deren Überstehen, aber auch vom wärmeren, hellen Beginn des neuen Jahres.

¬Der¬ goldene Schlüssel; Vom Königreich der Sperlingsmenschen; Hänsel und Gretel; Das graue Männchen; Der glückliche Prinz; Der Hase und der Fuchs; Die Sterntaler; Frau Holle; Der Schneemann; Von dem Sommer- und Wintergarten; Das Sternenkind

Warum der Bär einen Stummelschwanz hat; Hasendämmerung; Vom langen Winter; Die Wichtelmänner; Das Waldkind; Die Geschichte vom Tannenbäumchen; Sankt Nikolaus in Not; Das Weihnachtsgeschenk; Das Geschenk der Weisen; Die Trolle und der Wichteljunge

¬Der¬ Tannenbaum; Zwölfe mit der Post; Die getreue Alte; Wohlgetan und schlecht gelohnt; Die drei Männlein im Walde; Der harte Winter; Katze und Maus in Gesellschaft; Der selbstsüchtige Rise; Das goldene Kegelspiel; Das Posthorn

Schneeweißchen und Rosenrot; Die Spinnerin im Mond; Das Schneeglöckchen.</marc:subfield>
   </marc:datafield>
   <marc:datafield ind1=" " ind2=" " tag="020">
      <marc:subfield code="a">9783868260403</marc:subfield>
      <marc:subfield code="9">9783868260403</marc:subfield>
   </marc:datafield>
</marc:record>
